[Event "2015 Calgary International"]
[Site "Calgary"]
[Date "2015.08.02"]
[Round "7.7"]
[White "Ng, Gary"]
[Black "Kostadinov, Georgi"]
[Result "1-0"]
[WhiteElo "2194"]
[BlackElo "2089"]
[PlyCount "57"]
[EventDate "2015.07.29"]
[EventType "swiss"]
[EventRounds "9"]
[EventCountry "CAN"]

1. b4 d5 2. Bb2 Nf6 3. Nf3 e6 4. a3 Bd6 5. e3 O-O 6. c4 b6 7. Nc3 a5 8. b5 Bb7
9. d4 Nbd7 10. cxd5 exd5 11. Qb3 Qe7 12. Bd3 Qe6 13. O-O Rfe8 14. a4 Ne4 15.
Ba3 Rac8 16. Rac1 Qe7 17. Bxd6 Qxd6 18. Rc2 Re6 19. Rfc1 Rh6 20. Ne2 Kh8 21.
Ng3 Nxg3 22. hxg3 g6 23. Rc3 Nf6 24. Ne5 Kg7 25. Qc2 Ne8 26. Be2 Ba8 27. Bg4
Rd8 28. Rxc7 Nxc7 29. Qxc7 1-0

[Event "2015 Calgary International"]
[Site "Calgary"]
[Date "2015.08.02"]
[Round "7.8"]
[White "Richardson, Kai"]
[Black "Yao, Sammy"]
[Result "1-0"]
[WhiteElo "1775"]
[BlackElo "2041"]
[PlyCount "127"]
[EventDate "2015.07.29"]
[EventType "swiss"]
[EventRounds "9"]
[EventCountry "CAN"]

1. d4 f5 2. c4 Nf6 3. Nc3 d6 4. g3 g6 5. Bg2 Bg7 6. Nf3 O-O 7. O-O Qe8 8. Re1
Qf7 9. b3 Ne4 10. Bb2 c6 11. Qd3 Nxc3 12. Bxc3 h6 13. e4 f4 14. d5 Bg4 15. Rf1
Nd7 16. Rac1 g5 17. h3 Bh5 18. g4 Bg6 19. Bxg7 Nc5 20. Qe2 Qxg7 21. Rfd1 Bxe4
22. b4 Bxf3 23. Bxf3 Na6 24. dxc6 bxc6 25. Bxc6 Rab8 26. a3 Rb6 27. Bd5+ Kh8
28. c5 dxc5 29. bxc5 Rbf6 30. c6 Nc7 31. Ba2 Rd6 32. Qc4 h5 33. Qb4 hxg4 34.
Rxd6 exd6 35. Qxd6 gxh3 36. Qd7 g4 37. Re1 Qxd7 38. cxd7 Rd8 39. Re7 g3 40. Bb3
h2+ 41. Kg2 f3+ 42. Kh1 gxf2 43. Bc4 Ne6 44. Kxh2 Nf8 45. Re8 Rxd7 46. Rxf8+
Kg7 47. Rxf3 Rd4 48. Bf1 Rd2 49. Kg2 Ra2 50. Bc4 Rc2 51. Rf7+ Kg8 52. Rf4+ Kg7
53. Bf1 Ra2 54. Ra4 Kf6 55. Rxa7 Ke5 56. a4 Kd4 57. a5 Kc5 58. a6 Kb6 59. Rf7
Ra5 60. Kxf2 Ra3 61. Rb7+ Kc6 62. Bg2+ Kc5 63. a7 Kd4 64. Rd7+ 1-0

[Event "2015 Calgary International"]
[Site "Calgary"]
[Date "2015.08.02"]
[Round "7.9"]
[White "Sklenka, Steve"]
[Black "Ebrahim-Shirazi, Behrooz"]
[Result "0-1"]
[WhiteElo "1440"]
[BlackElo "2072"]
[PlyCount "75"]
[EventDate "2015.07.29"]
[EventType "swiss"]
[EventRounds "9"]
[EventCountry "CAN"]

1. d4 d5 2. c4 e6 3. Nc3 Be7 4. Nf3 Nf6 5. e3 Nbd7 6. Bd3 O-O 7. O-O c6 8. cxd5
exd5 9. Bd2 Re8 10. Re1 Nb6 11. h3 Bd6 12. Qc2 h6 13. Rab1 Bd7 14. a3 Rc8 15.
b4 Qe7 16. Rb3 Ne4 17. Reb1 f5 18. Be1 Nc4 19. Nd2 b5 20. Be2 a5 21. Nxc4 dxc4
22. R3b2 axb4 23. axb4 Nxc3 24. Bxc3 f4 25. Bh5 fxe3 26. Bxe8 Rxe8 27. Be1 e2
28. Qd2 Qf7 29. Qc3 Bf5 30. Ra1 Bd3 31. Bd2 Qg6 32. Be3 Be4 33. g4 Bd3 34. Qd2
h5 35. f3 Qf6 36. Kg2 hxg4 37. fxg4 Qf1+ 38. Rxf1 0-1

[Event "2015 Calgary International"]
[Site "Calgary"]
[Date "2015.08.02"]
[Round "7.10"]
[White "Nguyen, Kim"]
[Black "Daniluk, Jim"]
[Result "1-0"]
[WhiteElo "2113"]
[BlackElo "1978"]
[PlyCount "104"]
[EventDate "2015.07.29"]
[EventType "swiss"]
[EventRounds "9"]
[EventCountry "CAN"]

1. e4 c5 2. Nf3 Nc6 3. Bb5 g6 4. Bxc6 dxc6 5. h3 Bg7 6. d3 e5 7. Nbd2 Qe7 8.
Nc4 b5 9. Na5 Qd6 10. Be3 Nf6 11. Qd2 Nd7 12. a3 Nf8 13. b4 cxb4 14. axb4 Ne6
15. c3 f5 16. Nb3 O-O 17. O-O fxe4 18. dxe4 Qxd2 19. Nfxd2 Nf4 20. Rfe1 Nd3 21.
Red1 Nf4 22. Kf1 Rf7 23. Nc5 g5 24. Ndb3 h5 25. Rd8+ Kh7 26. Rad1 g4 27. hxg4
Bxg4 28. f3 Rxd8 29. Rxd8 Ne6 30. Rd6 Bf8 31. Rxc6 Nd8 32. Ra6 h4 33. Ke2 Bc8
34. Ra5 Rg7 35. Kf2 h3 36. g4 Ne6 37. Nxe6 Bxe6 38. Nc5 Bxc5 39. Bxc5 Kg6 40.
Kg3 Rh7 41. Rxa7 Bd7 42. Ra6+ Kf7 43. Ra2 Kg6 44. Bg1 Bc8 45. Rd2 Kf6 46. Rd5
h2 47. Bxh2 Be6 48. Rxb5 Bc4 49. Rb6+ Be6 50. c4 Kg5 51. Bg1 Rh1 52. Be3+ Kf6
1-0

[Event "2015 Calgary International"]
[Site "Calgary"]
[Date "2015.08.03"]
[Round "8.1"]
[White "Kazmaier, Daniel"]
[Black "Lenderman, Aleksandr"]
[Result "0-1"]
[WhiteElo "2198"]
[BlackElo "2623"]
[PlyCount "83"]
[EventDate "2015.07.29"]
[EventType "swiss"]
[EventRounds "9"]
[EventCountry "CAN"]

1. d4 e6 2. c4 Nf6 3. Nf3 d5 4. Nc3 Bb4 5. e3 O-O 6. a3 Bxc3+ 7. bxc3 c5 8.
cxd5 exd5 9. dxc5 Nbd7 10. c4 Nxc5 11. cxd5 Nxd5 12. Qc2 Qf6 13. Nd4 b6 14. Bb2
Bb7 15. Nf5 Qg6 16. Bxg7 Rfe8 17. Rd1 Rac8 18. Ba1 Ne4 19. Qb2 Ndc3 20. Ng3
Nxf2 21. Rc1 Nxh1 22. Rxc3 Rxc3 23. Qxc3 Qb1+ 24. Kd2 Rd8+ 25. Bd3 Rxd3+ 26.
Qxd3 Qa2+ 27. Kc1 Qxa1+ 28. Kc2 Qe5 29. Qd8+ Kg7 30. Nxh1 Qxe3 31. Ng3 Be4+ 32.
Kb2 Qf2+ 33. Ka1 Qg1+ 34. Kb2 Qxg2+ 35. Kc3 Qc2+ 36. Kb4 Qb2+ 37. Kc4 b5+ 38.
Kc5 Qc3+ 39. Kd6 Qd4+ 40. Ke7 Qf6+ 41. Kd7 Qc6+ 42. Ke7 0-1

[Event "2015 Calgary International"]
[Site "Calgary"]
[Date "2015.08.03"]
[Round "8.2"]
[White "Roiz, Michael"]
[Black "Mikhalevski, Victor"]
[Result "1/2-1/2"]
[WhiteElo "2595"]
[BlackElo "2526"]
[PlyCount "45"]
[EventDate "2015.07.29"]
[EventType "swiss"]
[EventRounds "9"]
[EventCountry "CAN"]

1. e4 e5 2. Nf3 Nf6 3. Nc3 Nc6 4. d4 exd4 5. Nxd4 Bb4 6. Nxc6 bxc6 7. Bd3 O-O
8. O-O d5 9. exd5 cxd5 10. Bg5 c6 11. Qf3 Bd6 12. Bxf6 Qxf6 13. Qxf6 gxf6 14.
Ne2 Rb8 15. b3 Re8 16. Rae1 Re5 17. Nd4 Bd7 18. Nf3 Rxe1 19. Rxe1 Bb4 20. Re3
Bc5 21. Re1 Bb4 22. Re3 Bc5 23. Re1 1/2-1/2

[Event "2015 Calgary International"]
[Site "Calgary"]
[Date "2015.08.03"]
[Round "8.3"]
[White "Yam, Alex"]
[Black "Shabalov, Alexander"]
[Result "0-1"]
[WhiteElo "2306"]
[BlackElo "2538"]
[PlyCount "72"]
[EventDate "2015.07.29"]
[EventType "swiss"]
[EventRounds "9"]
[EventCountry "CAN"]

1. e4 c5 2. c3 d5 3. exd5 Qxd5 4. d4 Nc6 5. Nf3 Bf5 6. Be3 Nf6 7. Na3 cxd4 8.
Bc4 Qd7 9. Nxd4 Nxd4 10. Bxd4 a6 11. O-O e6 12. Qb3 Be7 13. Be2 O-O 14. Nc4 Qc7
15. a4 Be4 16. Rfd1 Qf4 17. Bxf6 Bxf6 18. Nb6 Rad8 19. Nd7 Rfe8 20. Qc4 Bg5 21.
Rd4 Rc8 22. Qb4 a5 23. Qxa5 e5 24. Rb4 Be7 25. Rc4 Rxc4 26. Bxc4 Qg4 27. Bf1
Qxd7 28. Qxe5 Bd6 29. Qd4 Qc7 30. g3 Bc5 31. Qd2 h5 32. Re1 h4 33. Qg5 Re5 34.
Qxh4 Bxf2+ 35. Kxf2 Qb6+ 36. Re3 Rf5+ 0-1

[Event "2015 Calgary International"]
[Site "Calgary"]
[Date "2015.08.03"]
[Round "8.4"]
[White "Gardner, Robert"]
[Black "Piasetski, Leon"]
[Result "0-1"]
[WhiteElo "2138"]
[BlackElo "2289"]
[PlyCount "68"]
[EventDate "2015.07.29"]
[EventType "swiss"]
[EventRounds "9"]
[EventCountry "CAN"]

1. d4 Nf6 2. c4 e6 3. Nc3 Bb4 4. e3 b6 5. Nge2 Ba6 6. a3 Be7 7. Nf4 d5 8. b3
O-O 9. Bd3 Bb7 10. O-O Nbd7 11. cxd5 exd5 12. Qf3 c6 13. Bb2 Bd6 14. Rac1 Re8
15. b4 a6 16. e4 dxe4 17. Nxe4 Nxe4 18. Bxe4 Rc8 19. Nh3 Nf6 20. Bf5 Rc7 21. d5
cxd5 22. Rxc7 Bxc7 23. Ng5 h6 24. Bh7+ Kf8 25. Bxf6 Qxf6 26. Qxf6 gxf6 27. Nf3
Re2 28. Nd4 Rd2 29. Nc2 b5 30. Rc1 Bb6 31. Ne3 d4 32. Nf5 d3 33. Rf1 Be4 34.
Rc1 Rc2 0-1

[Event "2015 Calgary International"]
[Site "Calgary"]
[Date "2015.08.03"]
[Round "8.5"]
[White "Collyer, Curt"]
[Black "Wang, Jeff"]
[Result "1-0"]
[WhiteElo "2262"]
[BlackElo "1666"]
[PlyCount "59"]
[EventDate "2015.07.29"]
[EventType "swiss"]
[EventRounds "9"]
[EventCountry "CAN"]

1. d4 Nf6 2. c4 e6 3. Nc3 Bb4 4. f3 O-O 5. a3 Bxc3+ 6. bxc3 Ne8 7. e4 c5 8. Bd3
Nc6 9. Be3 b6 10. Nh3 Ba6 11. e5 Rc8 12. Qe2 f6 13. exf6 Nxf6 14. O-O Na5 15.
d5 Re8 16. d6 Nb7 17. Bf4 Rf8 18. Rad1 Qe8 19. Be5 Qh5 20. Nf2 Na5 21. g4 Qf7
22. Nh3 Kh8 23. f4 Rce8 24. g5 Rg8 25. g6 Qf8 26. Ng5 hxg6 27. Bxg6 Bxc4 28.
Qf2 Ng4 29. Qh4+ Nh6 30. Qxh6# 1-0

[Event "2015 Calgary International"]
[Site "Calgary"]
[Date "2015.08.03"]
[Round "8.6"]
[White "Ng, Gary"]
[Black "Richardson, Kai"]
[Result "1-0"]
[WhiteElo "2194"]
[BlackElo "1775"]
[PlyCount "81"]
[EventDate "2015.07.29"]
[EventType "swiss"]
[EventRounds "9"]
[EventCountry "CAN"]

1. b4 e6 2. Bb2 Nf6 3. a3 c5 4. bxc5 Bxc5 5. e3 d5 6. Nf3 Nc6 7. d4 Bd6 8. Nbd2
a6 9. c4 dxc4 10. Nxc4 Be7 11. Bd3 b5 12. Nce5 Nxe5 13. Nxe5 Bb7 14. O-O O-O
15. Qe2 Rc8 16. a4 Qd5 17. f3 b4 18. e4 Qd8 19. a5 Nd7 20. Nc4 Bc6 21. Ne3 Ra8
22. f4 Nf6 23. Nc4 Bb5 24. f5 exf5 25. Rxf5 g6 26. Rff1 Nd7 27. e5 Rc8 28. Kh1
Nb8 29. Nb6 Bxd3 30. Qxd3 Rc6 31. d5 Rc5 32. Qd4 Rb5 33. d6 Nc6 34. Qe4 Nxa5
35. dxe7 Qxe7 36. Nd5 Qg5 37. Bc1 Qd8 38. Nf6+ Kg7 39. Qh4 h5 40. Qg5 Rh8 41.
Nxh5+ 1-0

[Event "2015 Calgary International"]
[Site "Calgary"]
[Date "2015.08.03"]
[Round "8.7"]
[White "Ebrahim-Shirazi, Behrooz"]
[Black "Kostadinov, Georgi"]
[Result "0-1"]
[WhiteElo "2072"]
[BlackElo "2089"]
[PlyCount "153"]
[EventDate "2015.07.29"]
[EventType "swiss"]
[EventRounds "9"]
[EventCountry "CAN"]

1. d4 d5 2. c4 c6 3. Nf3 Nf6 4. Qc2 e6 5. e3 Be7 6. Nc3 Nbd7 7. Bd2 a6 8. b3
O-O 9. Bd3 b5 10. O-O Bb7 11. Rac1 Rc8 12. c5 Qc7 13. Ne2 a5 14. a3 Ra8 15. b4
axb4 16. axb4 h6 17. Bc3 Ra4 18. Ng3 Rfa8 19. Qd1 Nf8 20. Ne5 N6h7 21. f4 f6
22. Ng4 f5 23. Ne5 g6 24. Kh1 Bc8 25. Ne2 h5 26. h3 Nf6 27. Rg1 Bd7 28. g4 hxg4
29. hxg4 Nxg4 30. Rxg4 fxg4 31. Qg1 Be8 32. Qxg4 Bf6 33. Kg2 Ra2 34. Kf3 R8a7
35. Bb1 R2a3 36. Rg1 Qg7 37. f5 exf5 38. Bxf5 Rxc3 39. Be6+ Nxe6 40. Qxe6+ Kf8
41. Nxc3 Re7 42. Qd6 Bxe5 43. dxe5 Qxe5 44. Qxe5 Rxe5 45. Ne2 Rf5+ 46. Kg3 Ke7
47. Ra1 Bd7 48. Ra7 g5 49. Nd4 Rf6 50. Nf3 Re6 51. Kf2 g4 52. Nd4 Rf6+ 53. Kg3
Kd8 54. Ra8+ Kc7 55. Ra7+ Kc8 56. Ra1 Rh6 57. Kf4 Rh3 58. Ra8+ Kb7 59. Rd8 Kc7
60. Rg8 Rh7 61. Rg6 Re7 62. Nc2 Re4+ 63. Kg3 Rc4 64. Nd4 Rxb4 65. Rg7 Kd8 66.
Kf4 Rb1 67. Kg5 Rf1 68. Rg8+ Ke7 69. Rg7+ Ke8 70. Rg8+ Kf7 71. Rd8 Ke7 72. Rg8
g3 73. Rg7+ Rf7 74. Rg6 g2 75. Kh6 Rf2 76. Rg3 Rf6+ 77. Rg6 0-1

[Event "2015 Calgary International"]
[Site "Calgary"]
[Date "2015.08.03"]
[Round "8.8"]
[White "Humphreys, Michael"]
[Black "Yao, Sammy"]
[Result "1-0"]
[WhiteElo "2207"]
[BlackElo "2041"]
[PlyCount "57"]
[EventDate "2015.07.29"]
[EventType "swiss"]
[EventRounds "9"]
[EventCountry "CAN"]

1. d4 d6 2. g3 g6 3. Bg2 Bg7 4. e4 Nf6 5. Ne2 O-O 6. O-O e5 7. c3 Nc6 8. h3 Nh5
9. Be3 f5 10. exf5 gxf5 11. dxe5 dxe5 12. Bc5 Re8 13. Nd4 exd4 14. Qxh5 d3 15.
Nd2 Re5 16. Rfe1 Be6 17. Rxe5 Nxe5 18. Re1 Qd7 19. Bd4 Bf7 20. Qd1 Nc4 21. Bxg7
Kxg7 22. b3 Na3 23. Nf3 Nc2 24. Re5 Bg6 25. Nd4 Nxd4 26. Qxd3 Rd8 27. Rd5 Ne2+
28. Kf1 Nxg3+ 29. fxg3 1-0

[Event "2015 Calgary International"]
[Site "Calgary"]
[Date "2015.08.03"]
[Round "8.9"]
[White "Haessel, Dale"]
[Black "Sklenka, Steve"]
[Result "1-0"]
[WhiteElo "2180"]
[BlackElo "1440"]
[PlyCount "81"]
[EventDate "2015.07.29"]
[EventType "swiss"]
[EventRounds "9"]
[EventCountry "CAN"]

1. d4 d5 2. c4 c6 3. Nf3 Nf6 4. e3 e6 5. Nc3 Be7 6. Bd3 dxc4 7. Bxc4 b5 8. Bd3
O-O 9. e4 b4 10. Na4 Ba6 11. O-O Bxd3 12. Qxd3 a5 13. Be3 Ng4 14. Rac1 Nxe3 15.
Qxe3 h6 16. Ne5 Bf6 17. f4 Bxe5 18. dxe5 Qc7 19. Rfd1 Qa7 20. Kf2 Qxe3+ 21.
Kxe3 Ra7 22. Rd6 b3 23. a3 Rb7 24. Nc5 Rb6 25. Rc3 Rc8 26. Rxb3 Rxb3+ 27. Nxb3
c5 28. Nxa5 Kf8 29. Kd3 Ke7 30. Kc4 Rc7 31. Kb5 f6 32. Nc6+ Nxc6 33. Rxc6 Rb7+
34. Rb6 Rc7 35. exf6+ gxf6 36. Rb8 Rd7 37. Kxc5 Rd2 38. a4 Rxg2 39. a5 Rxh2 40.
a6 Rc2+ 41. Kd4 1-0

[Event "2015 Calgary International"]
[Site "Calgary"]
[Date "2015.08.03"]
[Round "8.10"]
[White "Wu, Chenxi"]
[Black "Nguyen, Kim"]
[Result "1-0"]
[WhiteElo "1791"]
[BlackElo "2113"]
[PlyCount "79"]
[EventDate "2015.07.29"]
[EventType "swiss"]
[EventRounds "9"]
[EventCountry "CAN"]

1. e4 c5 2. Nf3 d6 3. d4 cxd4 4. Nxd4 Nf6 5. Nc3 a6 6. Rg1 b5 7. g4 Bb7 8. g5
Nxe4 9. Nxe4 Bxe4 10. Qg4 Bb7 11. Bg2 Qc7 12. Bd2 Nd7 13. f4 Rc8 14. Nb3 e6 15.
Ba5 Qb8 16. O-O-O Be7 17. Kb1 O-O 18. h4 Rc4 19. Bf1 Ra4 20. Bd3 Bd5 21. Bc3 g6
22. h5 Ne5 23. Qh4 Nxd3 24. Rxd3 Be4 25. Rh3 Rc8 26. Rgh1 Rxc3 27. bxc3 Bf8 28.
hxg6 Bxg6 29. Qf2 d5 30. Nd4 Bg7 31. f5 Bxd4 32. cxd4 Bxf5 33. Rxh7 Rb4+ 34.
Ka1 Bxh7 35. Qh4 Kf8 36. Qxh7 Qf4 37. c3 Rc4 38. g6 Qf3 39. g7+ Ke7 40. Qh3 1-0

[Event "2015 Calgary International"]
[Site "Calgary"]
[Date "2015.08.03"]
[Round "9.1"]
[White "Lenderman, Aleksandr"]
[Black "Ng, Gary"]
[Result "1-0"]
[WhiteElo "2623"]
[BlackElo "2194"]
[PlyCount "57"]
[EventDate "2015.07.29"]
[EventType "swiss"]
[EventRounds "9"]
[EventCountry "CAN"]

1. e4 c6 2. d4 d5 3. Nc3 dxe4 4. Nxe4 Bf5 5. Ng3 Bg6 6. h4 h6 7. Nf3 Nd7 8. h5
Bh7 9. Bd3 Bxd3 10. Qxd3 e6 11. Bd2 Ngf6 12. O-O-O Be7 13. Qe2 c5 14. dxc5 Qc7
15. Kb1 Qxc5 16. Ne4 Qc7 17. Nxf6+ Nxf6 18. Ne5 O-O 19. g4 Rfc8 20. Bc1 Nd5 21.
c4 Nb6 22. b3 Bf6 23. f4 a5 24. g5 hxg5 25. h6 gxh6 26. Ng4 Bg7 27. Nxh6+ Kf8
28. Ba3+ Ke8 29. Nf5 1-0

[Event "2015 Calgary International"]
[Site "Calgary"]
[Date "2015.08.03"]
[Round "9.2"]
[White "Kazmaier, Daniel"]
[Black "Roiz, Michael"]
[Result "0-1"]
[WhiteElo "2198"]
[BlackElo "2595"]
[PlyCount "84"]
[EventDate "2015.07.29"]
[EventType "swiss"]
[EventRounds "9"]
[EventCountry "CAN"]

1. e4 c5 2. Nf3 d6 3. c3 Nf6 4. Be2 Bd7 5. d3 g6 6. O-O Bg7 7. a4 Nc6 8. Na3
O-O 9. Bg5 h6 10. Bh4 Nh5 11. Nc4 Be6 12. d4 cxd4 13. Nxd4 Nxd4 14. cxd4 d5 15.
Ne3 Nf4 16. e5 f6 17. exf6 Nxe2+ 18. Qxe2 exf6 19. f4 Bf7 20. f5 g5 21. Be1 Re8
22. Bb4 Re4 23. Qd3 Bf8 24. Bxf8 Qxf8 25. Nc2 Rae8 26. b3 Qd6 27. Rae1 Qe7 28.
Qc3 h5 29. Qc5 Qxc5 30. dxc5 a5 31. Rxe4 dxe4 32. Nd4 e3 33. Rb1 Re4 34. c6
bxc6 35. Nxc6 Bxb3 36. Nxa5 Bd5 37. Kf1 Rxa4 38. Rb5 Rf4+ 39. Ke2 Bxg2 40. Kxe3
Be4 41. Nc4 Bxf5 42. Nd6 Bg6 0-1

[Event "2015 Calgary International"]
[Site "Calgary"]
[Date "2015.08.03"]
[Round "9.3"]
[White "Piasetski, Leon"]
[Black "Shabalov, Alexander"]
[Result "0-1"]
[WhiteElo "2289"]
[BlackElo "2538"]
[PlyCount "92"]
[EventDate "2015.07.29"]
[EventType "swiss"]
[EventRounds "9"]
[EventCountry "CAN"]

1. Nf3 d6 2. d4 g6 3. e4 Bg7 4. h3 Nd7 5. Be2 e5 6. Bg5 Ngf6 7. dxe5 dxe5 8.
Nc3 O-O 9. Nd5 h6 10. Nxf6+ Nxf6 11. Qxd8 Rxd8 12. Bxf6 Bxf6 13. Bc4 Bd7 14.
Ke2 Bc6 15. Ke3 b5 16. Bb3 Kf8 17. a4 b4 18. Rhd1 Ke7 19. Rd3 Bg7 20. Rad1 Be8
21. Bd5 Rab8 22. b3 f5 23. Nd2 h5 24. f3 Kf6 25. Ke2 Bf8 26. Rc1 h4 27. Nf1 Bc5
28. c3 c6 29. Bc4 Rxd3 30. Kxd3 Rd8+ 31. Ke2 bxc3 32. Rxc3 Kg5 33. Bd3 Bd4 34.
Rc2 Kf4 35. Nd2 Rb8 36. Rc4 c5 37. Rc2 Bf7 38. Bc4 Bxc4+ 39. Rxc4 Kg3 40. Kf1
Be3 41. Ke2 Bd4 42. Kf1 Rd8 43. Rc2 Be3 44. Nc4 Bf4 45. Na5 Rd1+ 46. Ke2 Kxg2
0-1

[Event "2015 Calgary International"]
[Site "Calgary"]
[Date "2015.08.03"]
[Round "9.4"]
[White "Mikhalevski, Victor"]
[Black "Collyer, Curt"]
[Result "1-0"]
[WhiteElo "2526"]
[BlackElo "2262"]
[PlyCount "117"]
[EventDate "2015.07.29"]
[EventType "swiss"]
[EventRounds "9"]
[EventCountry "CAN"]

1. Nf3 d5 2. e3 Nf6 3. c4 c6 4. Nc3 a6 5. Qc2 g6 6. d4 Bg7 7. Bd3 O-O 8. O-O
Bg4 9. Ne5 Be6 10. c5 Nfd7 11. f4 Nxe5 12. dxe5 Nd7 13. Na4 f6 14. exf6 Rxf6
15. e4 dxe4 16. Bxe4 Qf8 17. Bd2 Qf7 18. b3 Rf8 19. Rad1 Bh6 20. g3 Bg4 21.
Rde1 Bh3 22. Rf2 e5 23. Bd3 Bf5 24. Bc3 Bxd3 25. Qxd3 Re6 26. Qc4 Re7 27. Nb2
Bg7 28. b4 Re6 29. Nd3 e4 30. Bxg7 Kxg7 31. Rxe4 Rxe4 32. Qxe4 Re8 33. Qd4+ Nf6
34. Ne5 Qd5 35. Qb2 Rd8 36. Nf3 Qe4 37. Qe5 Rd1+ 38. Kg2 Qxe5 39. fxe5 Nd5 40.
Ng5 Ne3+ 41. Kf3 Nd5 42. Ne6+ Kg8 43. Kg4 h6 44. Rf8+ Kh7 45. Rf7+ Kh8 46. Rxb7
Rf1 47. Nf4 Ne3+ 48. Kh4 Nf5+ 49. Kh3 g5 50. Rf7 gxf4 51. Rxf5 f3 52. e6 Re1
53. Rxf3 Rxe6 54. Rf8+ Kg7 55. Ra8 Re4 56. a3 Kg6 57. Rxa6 Kh5 58. Rxc6 Rh4+
59. Kg2 1-0

[Event "2015 Calgary International"]
[Site "Calgary"]
[Date "2015.08.03"]
[Round "9.5"]
[White "Haessel, Dale"]
[Black "Yam, Alex"]
[Result "0-1"]
[WhiteElo "2180"]
[BlackElo "2306"]
[PlyCount "58"]
[EventDate "2015.07.29"]
[EventType "swiss"]
[EventRounds "9"]
[EventCountry "CAN"]

1. d4 Nf6 2. Nf3 c5 3. d5 b5 4. c4 Qa5+ 5. Bd2 b4 6. Qc2 d6 7. e4 g6 8. Be2 Bg7
9. h3 O-O 10. O-O e5 11. Nh2 Ne8 12. Ng4 f5 13. Nh6+ Kh8 14. exf5 gxf5 15. Bg5
Qc7 16. Nd2 f4 17. Bd3 Bxh6 18. Bxh6 Rg8 19. Nf3 Qe7 20. h4 Nd7 21. Rae1 Ndf6
22. Bxf4 Qg7 23. Bg5 h6 24. Bxf6 Nxf6 25. g3 Bh3 26. Bf5 Bxf1 27. Kxf1 Raf8 28.
Kg2 Ng4 29. Ng5 hxg5 0-1

[Event "2015 Calgary International"]
[Site "Calgary"]
[Date "2015.08.03"]
[Round "9.6"]
[White "Yao, Sammy"]
[Black "Gardner, Robert"]
[Result "1/2-1/2"]
[WhiteElo "2041"]
[BlackElo "2138"]
[PlyCount "31"]
[EventDate "2015.07.29"]
[EventType "swiss"]
[EventRounds "9"]
[EventCountry "CAN"]

1. c4 b6 2. g3 Bb7 3. Nf3 f5 4. d4 e6 5. Bg2 Nf6 6. O-O Be7 7. Nc3 O-O 8. b3 d6
9. Ng5 Bxg2 10. Kxg2 Qd7 11. d5 e5 12. Ne6 Rf7 13. Ng5 Rf8 14. Ne6 Rf7 15. Ng5
Rf8 16. Ne6 1/2-1/2

[Event "2015 Calgary International"]
[Site "Calgary"]
[Date "2015.08.03"]
[Round "9.7"]
[White "Richardson, Kai"]
[Black "Wang, Jeff"]
[Result "1-0"]
[WhiteElo "1775"]
[BlackElo "1666"]
[PlyCount "77"]
[EventDate "2015.07.29"]
[EventType "swiss"]
[EventRounds "9"]
[EventCountry "CAN"]

1. d4 Nf6 2. c4 e6 3. g3 Bb4+ 4. Bd2 Bxd2+ 5. Nxd2 O-O 6. Bg2 d5 7. Ngf3 Nbd7
8. Rc1 c6 9. O-O Re8 10. e3 e5 11. cxd5 Nxd5 12. e4 N5b6 13. a4 a5 14. dxe5
Nxe5 15. Nxe5 Rxe5 16. Nc4 Qxd1 17. Rfxd1 Re8 18. Nxb6 Ra6 19. Nxc8 Rxc8 20. b3
Rb6 21. Rd3 g6 22. Rc5 Ra8 23. f4 Rb4 24. Kf2 b5 25. axb5 cxb5 26. e5 Ra7 27.
Bc6 a4 28. Rxb5 Rxb5 29. Bxb5 axb3 30. Rxb3 Ra2+ 31. Be2 Kf8 32. Rb8+ Kg7 33.
Rb7 Ra8 34. e6 Kf8 35. Rxf7+ Kg8 36. Bc4 g5 37. e7 Kh8 38. Rf8+ Rxf8 39.
exf8=Q# 1-0

[Event "2015 Calgary International"]
[Site "Calgary"]
[Date "2015.08.03"]
[Round "9.8"]
[White "Sklenka, Steve"]
[Black "Humphreys, Michael"]
[Result "0-1"]
[WhiteElo "1440"]
[BlackElo "2207"]
[PlyCount "68"]
[EventDate "2015.07.29"]
[EventType "swiss"]
[EventRounds "9"]
[EventCountry "CAN"]

1. d4 e6 2. c4 b6 3. Nc3 Bb7 4. Nf3 Nf6 5. Bg5 h6 6. Bh4 g5 7. Bg3 Bg7 8. e3 d6
9. Be2 Nh5 10. Rc1 Nd7 11. b3 Nxg3 12. hxg3 Qe7 13. d5 O-O-O 14. Nb5 Kb8 15. b4
Ne5 16. Nfd4 c6 17. dxc6 Nxc6 18. Qa4 Bxd4 19. exd4 a6 20. Nc3 Nxd4 21. O-O h5
22. Qd1 Nxe2+ 23. Qxe2 h4 24. g4 h3 25. f3 hxg2 26. Kxg2 Rh4 27. Rh1 Rxg4+ 28.
Kf2 Qf6 29. Rhf1 Bxf3 30. Qe3 Bg2+ 31. Ke2 Bxf1+ 32. Rxf1 Qd4 33. Rxf7 Rg2+ 34.
Kf3 Rg3+ 0-1

[Event "2015 Calgary International"]
[Site "Calgary"]
[Date "2015.08.03"]
[Round "9.9"]
[White "Kostadinov, Georgi"]
[Black "Nguyen, Kim"]
[Result "1/2-1/2"]
[WhiteElo "2089"]
[BlackElo "2113"]
[PlyCount "111"]
[EventDate "2015.07.29"]
[EventType "swiss"]
[EventRounds "9"]
[EventCountry "CAN"]

1. d4 Nf6 2. c4 e6 3. Nf3 d5 4. g3 Be7 5. Bg2 O-O 6. O-O dxc4 7. Qa4 a6 8. Qxc4
b5 9. Qc2 Bb7 10. Bf4 Nc6 11. Rd1 Rc8 12. a3 Nd5 13. Bd2 Ba8 14. Nc3 f5 15.
Nxd5 Qxd5 16. Bg5 Bxg5 17. Nxg5 Qxg2+ 18. Kxg2 Nxd4+ 19. Kh3 Nxc2 20. Rac1 Rf6
21. Nf3 Nxa3 22. bxa3 Bd5 23. Rc5 g5 24. g4 h5 25. Nxg5 hxg4+ 26. Kg3 Rg6 27.
Kf4 Kg7 28. h4 gxh3 29. Nxh3 Rg4+ 30. Ke3 Re4+ 31. Kd2 Rd4+ 32. Kc1 Rc4+ 33.
Rxc4 Bxc4 34. e3 Bd5 35. Nf4 c6 36. Kb2 Kf7 37. Kc3 Rh8 38. Kb4 Rh2 39. Rd2 Rh1
40. Nxd5 cxd5 41. Ka5 Ra1 42. Kxa6 b4 43. a4 b3 44. a5 Ra2 45. Rd3 Rxf2 46.
Rxb3 Rf3 47. Kb7 d4 48. a6 Rxe3 49. Rb4 Ra3 50. Rxd4 Kf6 51. a7 Ke5 52. Rd1 f4
53. a8=Q Rxa8 54. Kxa8 f3 55. Re1+ Kf5 56. Re3 1/2-1/2

[Event "2015 Calgary International"]
[Site "Calgary"]
[Date "2015.08.03"]
[Round "9.10"]
[White "Daniluk, Jim"]
[Black "Ebrahim-Shirazi, Behrooz"]
[Result "1-0"]
[WhiteElo "1978"]
[BlackElo "2072"]
[PlyCount "65"]
[EventDate "2015.07.29"]
[EventType "swiss"]
[EventRounds "9"]
[EventCountry "CAN"]

1. d4 d5 2. Nf3 Nf6 3. c4 e6 4. g3 dxc4 5. Qa4+ Nbd7 6. Qxc4 a6 7. Bg2 b5 8.
Qc2 Bb7 9. O-O Rc8 10. Nbd2 c5 11. Qd1 c4 12. Re1 Bb4 13. e4 O-O 14. a3 Qa5 15.
Rb1 Be7 16. e5 Nd5 17. Ne4 h6 18. Bd2 Qb6 19. Qc1 Rfe8 20. Bxh6 c3 21. b4 c2
22. Ra1 gxh6 23. Qxh6 Bf8 24. Qh5 Bg7 25. Nfg5 Re7 26. Nd6 Nxe5 27. Nxc8 Bxc8
28. dxe5 Qd4 29. Qh7+ Kf8 30. Qxc2 Rc7 31. Qd1 Qa7 32. Rc1 Rxc1 33. Qxc1 1-0

[Event "2015 Calgary Invitational"]
[Site "Calgary"]
[Date "2015.10.29"]
[Round "1"]
[White "Haessel, Dale"]
[Black "Kavutskiy, Kostya"]
[Result "0-1"]
[WhiteElo "2195"]
[BlackElo "2349"]
[PlyCount "76"]
[EventDate "2015.10.29"]
[EventType "tourn"]
[EventRounds "9"]
[EventCountry "CAN"]

1. d4 Nf6 2. c4 g6 3. Nc3 Bg7 4. e4 d6 5. h3 O-O 6. Nf3 e5 7. d5 Nh5 8. g3 f5
9. exf5 gxf5 10. Nh4 Nf6 11. Bd3 e4 12. Be2 Nfd7 13. Ng2 Bxc3+ 14. bxc3 Qf6 15.
Nf4 Ne5 16. Be3 Na6 17. Qd2 Nc5 18. O-O-O b5 19. cxb5 a6 20. g4 axb5 21. Rdg1
b4 22. Nh5 Ned3+ 23. Kb1 Qxc3 24. gxf5+ Kh8 25. Qxc3+ bxc3 26. Bxd3 Nxd3 27.
Bh6 Bxf5 28. Bg7+ Kg8 29. Bxc3+ Bg6 30. Nf6+ Kf7 31. Nxh7 Rfb8+ 32. Ka1 Nc5 33.
Ng5+ Ke7 34. Rb1 Nb3+ 35. Rxb3 Rxb3 36. Bb2 Rb5 37. Ne6 Rab8 38. Bc3 e3 0-1